Score 0/20 Timer 06:00
0 Plays Today
Birth Name Nickname % Correct
Arthur Herbert FonzarelliThe Fonz
94.1%
Theodore CleaverBeaver
72.3%
Samuel PowersScreech
71.7%
John PrestonMr. Big
67.6%
Jonas GrumbyThe Skipper
62.1%
Derek ShepherdMcDreamy
56.9%
Benjamin Franklin PierceHawkeye
53.9%
Walter O'ReillyRadar
53.2%
Reginald Albert FormanRed
51.6%
Mike StivicMeathead
46.7%
Birth Name Nickname % Correct
Ernie PantussoCoach
40.8%
Templeton PeckFaceman
33.2%
Dorothy RamseyTootie
29.3%
Jerome McElroyChef
27.6%
Hugo ReyesHurley
27.4%
Remy HadleyThirteen
27.2%
Gordon ShumwayALF
25.6%
Salvatore AssanteTurtle
25.5%
Burl SmithGopher
25.1%
Gordon SimsVenus Flytrap
18%
Remove Ads.
Support Sporcle.
Get the best of Sporcle when you Go Orange. This ad-free experience offers more features, more stats, and more fun while also helping to support Sporcle. Thank you for becoming a member.

You're not logged in!

Compare scores with friends on all Sporcle quizzes.
OR
Log In

Show Comments

Extras

Top Quizzes Today


Score Distribution

Your Account Isn't Verified!

In order to create a playlist on Sporcle, you need to verify the email address you used during registration. Go to your Sporcle Settings to finish the process.

Report this User

Report this user for behavior that violates our Community Guidelines.

Details: